000
00323nam a22001337a 4500
020
_a
978-81-321-1367-6
041
_a
ENG
100
_a
Rajiv Sikri
245
_a
Challenge And Strategy rethinking India s Foreign Policy
260
_a
New Delhi
_b
Sage
_c
2009
300
_a
347
650
_a
UPSC
856
_u
Competitive Exam
999
_c
152
_d
152